Horizons : (Record no. 29417)

000 -LEADER
fixed length control field 00635 a2200205 4500
020 ## - INTERNATIONAL STANDARD BOOK NUMBER
International Standard Book Number 0534524346
020 ## - INTERNATIONAL STANDARD BOOK NUMBER
International Standard Book Number 9780534524340
082 04 - DEWEY DECIMAL CLASSIFICATION NUMBER
Classification number 520
090 ## - LOCALLY ASSIGNED LC-TYPE CALL NUMBER (OCLC); LOCAL CALL NUMBER (RLIN)
-- 792
-- 792
100 1# - MAIN ENTRY--PERSONAL NAME
Personal name Seeds, Michael.
245 10 - TITLE STATEMENT
Title Horizons :
Remainder of title exploring the universe /
Statement of responsibility, etc. Michael Seeds.
250 ## - EDITION STATEMENT
Edition statement 5th/Bk&CD ed.
260 ## - PUBLICATION, DISTRIBUTION, ETC.
Place of publication, distribution, etc. [S.l.] :
Name of publisher, distributor, etc. Wadsworth Pub Co,
Date of publication, distribution, etc. 1997.
300 ## - PHYSICAL DESCRIPTION
Extent 459 p. ;
Dimensions 28 cm.
490 1# - SERIES STATEMENT
Series statement Astronomy series.
700 ## - ADDED ENTRY--PERSONAL NAME
Personal name Seeds, Michael.
830 #0 - SERIES ADDED ENTRY--UNIFORM TITLE
Uniform title Astronomy series.
942 ## - ADDED ENTRY ELEMENTS (KOHA)
Institution code [OBSOLETE] SNS
Koha item type Book
Call number prefix 520 SEE
Holdings
Withdrawn status Lost status Damaged status Not for loan Permanent Location Current Location Date acquired Total Checkouts Full call number Barcode Date last seen Date last checked out Price effective from Koha item type
        School of Natural Sciences (SNS) School of Natural Sciences (SNS) 05/26/2016 1 520 SEE SNS0000960 04/09/2025 01/27/2025 05/26/2016 Book
© 2023 Central Library, National University of Sciences and Technology. All Rights Reserved.